00251nam a2200097Ia 4500008004100000082000800041100001700049245006600066942000600132999001500138240331s9999 xx 000 0 und d bSPI aSpivak , G.C 4aThe post-colonial critic :binterviews, strategies, dialogues cL c2146d2146